TPM - totálne produktívna údržba

Vývoj TPM - (total productive maintenance) totálne produktívna údržba. Tri dôvody popularity údržby. Hmotné prínosy TPM. Implementácia TPM, popis jednotlivých fáz a krokov. TPM je nástroj zameraný na zvyšovanie efektívnosti zariadení prostredníctvom ukazovateľa CEZ (celková efektívnosť zariadenia)....

ver descrição completa

Na minha lista:
Detalhes bibliográficos
Autor principal: Rakyta, Miroslav
Outros Autores: Vráb, František, 1975-
Formato: Capítulo de Livro
Idioma:eslovaco
Assuntos:
Tags: Adicionar Tag
Sem tags, seja o primeiro a adicionar uma tag!

MARC

LEADER 00000naa a2200000 4500
001 r040548
005 20250523111558.3
041 0 |a slo 
044 |a SK 
245 1 0 |a TPM - totálne produktívna údržba  |c Miroslav Rakyta, František Vráb 
520 |a Vývoj TPM - (total productive maintenance) totálne produktívna údržba. Tri dôvody popularity údržby. Hmotné prínosy TPM. Implementácia TPM, popis jednotlivých fáz a krokov. TPM je nástroj zameraný na zvyšovanie efektívnosti zariadení prostredníctvom ukazovateľa CEZ (celková efektívnosť zariadenia). Ukazovateľ CEZ monitoruje efektívne využívanie zariadenia, pričom odhaľuje vplyv strát na vyrobený počet kusov. 
610 2 0 |a údržba 
610 2 0 |a TPM 
610 2 0 |a zariadenia výrobné 
610 2 0 |a kvalita výrobkov 
610 2 0 |a proces výrobný 
610 2 0 |a efektívnosť výroby 
100 1 |a Rakyta, Miroslav 
700 1 |a Vráb, František, 1975-